00345nam a2200133Ia 4500008004100000020001300041040001500054041001200069082001800081100002100099245004000120260003400160300001700194230917s9999||||xx |||||||||||||| ||und|| cPOU12.95 e9288aMAIN aEnglish a301.045 L334M aLash, Scott, ed. 0aMax Weber rationality and modernity aBostonbAllen and Unwinc1987 axvii, 394 p.